000 01052nam a2200301 a 4500
001 BRL_1320
005 20190320211139.0
008 060114s1949----mx-a######---#000-0#spa-#
041 _aspa
044 _amx
050 4 _aGT625
_b.V35 1949
100 1 _aValdiosera, Ramón
_924910
245 1 0 _aTrajes regionales mexicanos : Mexican native costumes
_cRamón Valdiosera ; con introducción y texto explicativo de Salvador Echeverría ; translated by Ruth Poyo.
260 _aMéxico
_bFischgrund
_c1949
300 _a1 portafolio
_bil., 12 láminas
_c21 cm.
_e+ 2 cuadernillos
500 _aAu1563
500 _aTexto en: español e inglés
500 _aIncluye dedicatoria a Ruth Lechuga
650 1 4 _aIndumentaria
_zMéxico
_9808
650 1 4 _aPrendas de vestir
_zMéxico
_924774
650 1 4 _aIndígenas de México
_xRopa
_926509
700 1 _aEcheverría, Salvador
_914382
700 1 _aPoyo, Ruth
_etr.
_926510
730 0 _a12 [i.e. doce] trajes mexicanos
_926511
740 0 _aMexican native costumes
902 _aGRL
942 _2lcc
_cB
999 _c10132
_d10132